El libro de la yerba / (Record no. 17030)

MARC details
000 -LEADER
campo de control de longitud fija 00682nam a2200241 i 4500
001 - NÚMERO DE CONTROL
campo de control 17030
003 - IDENTIFICADOR DE NÚMERO DE CONTROL
campo de control ES-MaACL
005 - FECHA Y HORA DE LA ÚLTIMA TRANSACCIÓN
campo de control 20230906151504.0
007 - CAMPO FIJO DE DESCRIPCIÓN FÍSICA--INFORMACIÓN GENERAL
campo de control de longitud fija t|
008 - DATOS DE LONGITUD FIJA--INFORMACIÓN GENERAL
campo de control de longitud fija 001215s1977 sp ||||1| spa d
020 ## - NÚMERO INTERNACIONAL ESTÁNDAR DEL LIBRO
Número Internacional Estándar del Libro 84-339-1206-2
080 ## - NÚMERO DE LA CLASIFICACIÓN DECIMAL UNIVERSAL
Número de la Clasificación Decimal Universal 615.32:582.635
245 03 - MENCIÓN DEL TÍTULO
Título El libro de la yerba /
Mención de responsabilidad, etc. George Andrews y Simon Vinkenoog (eds.).
260 ## - PUBLICACIÓN, DISTRIBUCIÓN, ETC.
Lugar de publicación, distribución, etc. Barcelona :
Nombre del editor, distribuidor, etc. Anagrama,
Fecha de publicación, distribución, etc. [1977]
300 ## - DESCRIPCIÓN FÍSICA
Extensión 314 p. ;
Dimensiones 20 cm.
490 1# - MENCIÓN DE SERIE
Mención de serie Contraseñas ;
Designación de volumen o secuencia 6
650 14 - PUNTO DE ACCESO ADICIONAL DE MATERIA--TÉRMINO DE MATERIA
Término de materia o nombre geográfico como elemento de entrada Marihuana.
9 (RLIN) 14780
700 1# - ENTRADA AGREGADA--NOMBRE PERSONAL
Nombre de persona Andrews, George.
9 (RLIN) 21664
700 1# - ENTRADA AGREGADA--NOMBRE PERSONAL
Nombre de persona Vinkenoog, Simon.
9 (RLIN) 115334
830 0# - PUNTO DE ACCESO ADICIONAL DE SERIE-TÍTULO UNIFORME
Título uniforme Contraseñas ;
Designación de volumen o secuencia 6
9 (RLIN) 179727
852 ## - LOCALIZACIÓN
Ubicación ES-MaACL
Número de control de estantería L-24028
Sublocalización o colección R.129076
Holdings
Estatus retirado Estado de pérdida Estado de daño No para préstamo Biblioteca de origen Biblioteca actual Ubicación en estantería Fecha de adquisición Fuente de adquisición Total de préstamos Signatura topográfica completa Código de barras Visto por última vez Precio de reemplazo Tipo de ítem Koha
        Biblioteca del Ateneo de Madrid Biblioteca del Ateneo de Madrid Depósito 2 17/01/2008     L-24028 1017375 23/02/2023 23/02/2023 Libro impreso